00586nam a22002057a 450000500170000001000260001702000260004302000260006903500140009503500140010903700090012308200130013210000200014524500380016525000060020326000550020927000880026430000200035249000080037220260616112449.0 aENG-148829 ENG-148853 c105.00a9789350693254 c100.00a9789350693261 aEN-132361 aEN-132385 bDBAD a230.221 aBalasubramanyam aMy Loving Swami/cBalasubramanyam a1 aAndhra PradeshbSri Sathya sai Sadhana Trustc2021 bPrasanthi NilayamaAnantapur Districe515134morders@sssbpt.orgk011-287375l287236 a208p.c22cm(pb) v1,2